01020 a2200181 45000010006000000050017000060080041000230030015000640400040000790800031001192450078001500200022002282640034002503000019002845050342003031000029006458560164006742747320260407155549.0260407a2008 arg spa dAR-UNSa-BCEJYS aAR-UNSa-BCEJYSbspacAR-UNSa-BCEJYS a349.2xDerecho del Trabajo10aSolidaridad laboral en la contratación y subcontratación de servicios a978-987-01-0866-5 1aBuenos Aires :bErreparc2008 a285 p.c21 cm. a1. Contratación y subcontratación de servicios - 2. Contratos de distribución comercial - 3. Subcontrataciones en la industria de la construcción - 4. Tareas coadyuvantes. Vigilancia - 5. Las subcontrataciones del estado - 6. Alcances de la responsabilidad laboral - 7. Opinión y prespectiva - 8. Jurisprudencia sistematizada 1 aGarcía Vior, Andrea E.41uhttps://biblioeco.unsa.edu.ar/pmb/images/libros/Solidaridad laboral en la contratacion y subcontratacion de servicio-l117933.jpgyImagen de portadaqimage/jpeg